00880nam a2200205 a 450000100060000000300090000600800410001504000280005608200160008410000310010024501130013126000360024430000080028050500950028859000920038365000190047594200120049499900170050695201510052322437CO-ViMGA141112s2004 ck r 000 u spa d aCO-ViMGAbspacCO-ViMGA04a262.8 I137e1 aIafrancesco v, Gino93179610aEncarando aspectos branhamitas, examen de las doctrinas del movimiento originado con William Marrion Branham aBogotá : bCristiania, c1983 a186 aResumen bibliografico 7 - - A la par de los hechos 17 - - Alrededor de los oráculos 21  aForma de adquisición : Donación - - Precio : 5000 - - Fecha de adquisición : 200814aHEREGIA931797 2ddccBK c30743d30743 00102ddc40708003aMEVIECARbMEVIECARd2015-12-04hVolumen. 1 | 11/jun/2009l0o262.8 I137e p22437r2015-12-04 00:00:00tEj. 1w2015-12-04yBK